00632cam a22002055a 450000500170000000800410001701000140005802000260007203500130009803700130011104000130012408200120013710000190014924500600016826000500022827000580027830000230033650000410035952000260040020091103014612.0090911s2009 ii ab b 100 0 eng d aENG-95352 a9788131306680c595.00 aEN-78885 aDBAD/PUB aDPLbeng a370.113 aSharma, Deepak aHuman resource development in schoolscby Deepak Sharma aNew Delhi :bAPH Publishing Corporationc2009 a4435-36/7. Ansari road, Darya GanjbNew Delhie110002 a226p.c22 cm. (Hb) aIncludes bibliographical references. aContributed articles.